Normal view
MARC view
- Schreiber, Thomas,
Entry Personal Name
001 - CONTROL NUMBER
- control field: 114184
003 - CONTROL NUMBER IDENTIFIER
- control field: NUST
005 - DATE AND TIME OF LATEST TRANSACTION
- control field: 20230819091855.0
008 - FIXED-LENGTH DATA ELEMENTS
- fixed length control field: 230819|| aca||aabn | a|a d
040 ## - CATALOGING SOURCE
- Original cataloging agency: NUST
- Transcribing agency: NUST
100 ## - HEADING--PERSONAL NAME
- Personal name: Schreiber, Thomas,
- Dates associated with a name: 1963-
670 ## - SOURCE DATA FOUND
- Source citation: Work cat.: (NUST)181328: Kantz, Holger, 114183, Nonlinear time series analysis /, 2004.
